000 00425nam a2200169Ia 4500
008 090711s9999 xx 000 0 und d
082 _b27896
100 _aभिडे माधुरी
245 _aसावट
260 _c1973
300 _a102
600 _aभिडे माधुरी
630 _aसावट
700 _aभिडे माधुरी
730 _aसावट
942 _cBOOK
999 _c298822
_d298822